<?xml version="1.0" encoding="UTF-8"?>
<marc:record xmlns:marc="http://www.loc.gov/MARC21/slim">
   <marc:leader>00000nam a2200000 a 4500</marc:leader>
   <marc:datafield ind1="1" ind2=" " tag="100">
      <marc:subfield code="a">Strobel, Arno</marc:subfield>
      <marc:subfield code="4">aut</marc:subfield>
      <marc:subfield code="e">Verfasser/-in</marc:subfield>
   </marc:datafield>
   <marc:datafield ind1="0" ind2="0" tag="245">
      <marc:subfield code="a">Welcome Home  Du liebst dein neues Zuhause. Hier bist du sicher. Oder?</marc:subfield>
   </marc:datafield>
   <marc:datafield ind1="0" ind2="0" tag="245">
      <marc:subfield code="b">Nervenkitzel pur von Nr.1-Bestsellerautor Arno Strobel</marc:subfield>
   </marc:datafield>
   <marc:datafield ind1="0" ind2="0" tag="245">
      <marc:subfield code="c">Arno Strobel</marc:subfield>
   </marc:datafield>
   <marc:datafield ind1=" " ind2="1" tag="264">
      <marc:subfield code="a">Frankfurt am Main</marc:subfield>
      <marc:subfield code="b">FISCHER Taschenbuch</marc:subfield>
      <marc:subfield code="c">2025</marc:subfield>
   </marc:datafield>
   <marc:datafield ind1=" " ind2=" " tag="250">
      <marc:subfield code="a">1. Auflage</marc:subfield>
   </marc:datafield>
   <marc:datafield ind1="1" ind2=" " tag="520">
      <marc:subfield code="a">Ines und Marco Winkler sind überglücklich. Endlich sind sie stolze Hausbesitzer, eines von über dreißig neu gebauten Häusern in der Siedlung Auf Mons im Spessart gehört jetzt ihnen. Auch in der Nachbarschaft finden sie schnell Anschluss, alles scheint perfekt. Bis Ines eines Nachts glaubt, im Schlaf beobachtet zu werden. Aber es ist niemand im Haus. Als sie kurz darauf im leerstehenden Nachbarhaus jemanden sieht, hält sie es für eine Täuschung. Bis dort am nächsten Morgen eine Leiche gefunden wird. Und plötzlich ist Auf Mons niemand mehr sicher ist.#Denn ein Mörder geht um</marc:subfield>
   </marc:datafield>
   <marc:datafield ind1=" " ind2=" " tag="020">
      <marc:subfield code="a">9783596711512</marc:subfield>
      <marc:subfield code="9">9783596711512</marc:subfield>
   </marc:datafield>
   <marc:datafield ind1=" " ind2=" " tag="041">
      <marc:subfield code="a">ger</marc:subfield>
   </marc:datafield>
   <marc:datafield ind1=" " ind2=" " tag="300">
      <marc:subfield code="a">352 Seiten</marc:subfield>
   </marc:datafield>
</marc:record>
